000 00543nam a2200205Ia 4500
005 20260429112153.0
008 260429s9999||||xx |||||||||||||| ||und||
020 _a9781647251185
041 _aEnglish
082 _a658.872
_bDOY
100 _aDoyle, Chris
245 0 _aEcommerce :
_ba guide to business and e-marketing /
_cChris Doyle
250 _a1st ed.
260 _aNew York :
_bNY Research Press,
_c2020.
300 _avii, 237 p.; pbk
650 _a Business
650 _a E-marketing
650 _aEcommerce
942 _cTB
999 _c52710
_d52710